Operational amplifiers
Enregistré dans:
| Auteur principal: | |
|---|---|
| Format: | Livre |
| Langue: | Undetermined |
| Publié: |
New York, New York : Wiley-Interscience,
1971.
|
| Sujets: | |
| Tags: |
Ajouter un tag
Pas de tags, Soyez le premier à ajouter un tag!
|
MARC
| LEADER | 00000nam a2200000Ia 4500 | ||
|---|---|---|---|
| 003 | 000348 | ||
| 005 | 20221231144011.0 | ||
| 008 | 140114s9999 xx 000 0 und d | ||
| 040 | |c cru CEDI | ||
| 082 | |a 621.381.535 B259-o | ||
| 100 | |a Barna,Arpad |9 19176 | ||
| 245 | |a Operational amplifiers | ||
| 260 | |a New York, New York : Wiley-Interscience, |c 1971. | ||
| 300 | |a 148 páginas : ilustraciones ; 22 cm | ||
| 650 | |x AMPLIFICADORES OPERACIONALES |9 19177 | ||
| 942 | |2 ddc |c BK | ||
| 999 | |c 15430 |d 15430 | ||
